00516nam a2200169 a 4500008004100000020001500041050001500056100004200071245008800113250001200201260003500213300002400248350000900272650002300281650002700304650001500331120416s1990 ||||||||||||||||| || u a0314578269 aTS 155 App aEvans, James R. (James Robert), 1950-10aApplied production and operations management (3rd ed.)cJames R. Evans [and others] a3rd ed. aSt. Paul :bWest Pub. Coc1990 axxvii, 872p. : ill. a0.00 aFACTORY MANAGEMENT 0aPRODUCTION MANAGEMENT  aPRODUCTION